弓部の常用漢字 - Statistics

General Stats
  • This quiz has been taken 97 times
  • The average score is 5 of 10
Answer Stats
Answer % Correct
小2配当
85%
小2配当
83%
小2配当
79%
小2配当
61%
小5配当
40%
小2配当
39%
39%
28%
26%
22%
No matching quizzes found
Score Distribution
Percent of People with Each Score
Percentile by Number Answered
Your Score History
You have not taken this quiz